LEADER 01220nam a2200289 u 4500 001 000000031458 003 CaOOAMICUS 005 20070226112137.0 008 971003s1977 it u000 u ita u 035 $a10771335 040 $aPUL(R)$bita 041 1 $aita$hfre 100 1 $aBenamozegh, Elia,$d1823-1900.$0(OLS)http://pul/name/13523 240 10$aMorale juive et morale chrétienne.$lItaliano.$0(OLS)http://pul/title/43250 245 10$aMorale ebraica e morale cristiana /$ctraduzione di Elio Piattelli ; presentazione di Elio Toaff. 260 $aAssisi ;$aRoma :$bB. Carucci editore,$cc1977. 300 $axxix, 230 p. ;$c21 cm 490 1 $aCollana di cultura ebraica ;$v6 500 $aIn testa al front.: Elia Bernamozegh. 504 $aBibliografia in nota. 830 0$aCollana di cultura ebraica ;$v6.$0(OLS)http://pul/title/2732 850 $aPUL 852 $aPUL$W1$xSL Religione 1$y3$m7(1) D 51$j43447$nBK-PRI$b $qStampati$B43447$CPULBib$Z2$F43447 $H $81 941 1 $a8 961 $aINV: 48177 996 $6245$aMorale ebraica e morale cristiana$9(OLS)http://pul/title/43251 996 $6260$aAssisi ;$aRoma :$bB. Carucci editore$9(OLS)http://pul/publisher/61068 LEADER 01398nam a2200337 a 4500 001 000000149332 003 CaOOAMICUS 005 20160211125452.0 008 160211s2014 gw u000 u ger r 020 $z9783050056753* 032 $aLibriCat 040 $aPUL$bita 082 04$a194 100 1 $aSartre, Jean-Paul,$d1905-1980.$0(OLS)http://pul/name/24998 245 10$aSein und das Nichts /$cJean Paul Sartre ; herausgegeben von Bernard N. Schumacher. 250 $a2., bearbeitete Auflage. 260 $aBerlin ; ;$aBoston :$bDe Gruyter,$c©2014. 300 $aXI, 267 p. ;$c23 cm. 490 1 $aKlassiker Auslegen ;$v22 504 $aBibliografia in nota. 600 14$aSartre, Jean-Paul,$d1905-1980$xCritica e interpretazione.$0(OLS)http://pul/subject/19383 700 1 $aSchumacher, Bernard.$0(OLS)http://pul/name/39090 830 0$aKlassiker Auslegen ;$v22.$0(OLS)http://pul/title/188272 850 $aPUL 852 $aPUL$W1$xSL Filosofia 3$y81$m194 SCHBE 1$j171984$qDDC 21$B173575$CPULBib$Z2$F173575 $H127087 $81 941 1 $a9 996 $6020$z9783050056753*$9(OLS)http://pul/number/159644 996 $6082$a194$9(OLS)http://pul/classification/382 996 $6245$aSein und das Nichts$9(OLS)http://pul/title/188273 996 $6260$aBerlin ; $aBoston :$bDe Gruyter$9(OLS)http://pul/publisher/82016